Statistiques concernant Éléments les plus devinés sur Jetpunk

Cliquez ici pour prendre le quiz!

Statistiques générales

  • Ce quiz a été pris 7 537 fois
    (3 674 depuis la dernière actualisation)
  • Le résultat moyen est 13 sur 21

Statistiques - réponses

%Élément% Correct
93Oxygène
93%
93Hydrogène
89%
89Carbone
86%
86Or
86%
85Fer
79%
82Argent
76%
80Azote
75%
83Hélium
69%
74Cuivre
58%
69Uranium
58%
75Sodium
56%
70Potassium
51%
69Magnésium
50%
71Chlore
49%
65Néon
49%
67Calcium
47%
69Aluminium
46%
63Fluor
46%
65Lithium
44%
60Soufre
44%
61Argon
38%

Distribution des résultats

Percentile par nombre de réponses

% des personnes avec chaque résultat

Votre développement - résultats

Vous n’avez pas pris ce quiz depuis la dernière actualisation